00464nam a2200133Ia 4500008004100000041000800041082000800049100003500057245002400092260003900116906001200155999001700167952014600184221007s9999 xx 000 0 und d aeng bCHA aChaurasia H P, Composer996760 aMusic of The Rivers c2011bThe India Today GroupaDelhi bGeneral c61200d61200 00104070aHIMRbHIMRd2011-12-08eDream Inheritorg100.00i2812l0o CHApHIMR-AV-1372r2022-10-07 00:00:00v100.00w2011-11-17yVCzAV1372